000 00667nam a2200181Ia 4500
005 20240530102140.0
008 140319s xx 000 0 ara d
040 _aGCL /
_cGCL
082 0 4 _a412 /
_bع م
245 1 0 _aالمترادفات
_cتاليف عبدالجواد افندى عبدالعال ، عبدالله افندى الانصارى ؛ مراجع حمزة فتح الله
300 _a70 ص؛
_b24 سم
650 7 0 _2الفصاحة
650 7 0 _2البلاغة
700 _aعبدالله افندى الانصارى
_eمؤلف
700 _aحمزة فتح الله
_eمراجع
942 _2ddc
_cBK
999 _c30129
_d30129